01241nam a2200313 a 450000100060000000300080000600500170001400800410003103500190007204000270009104100080011808200220012610000480014824500580019626000550025430000200030949000580032950000200038750400290040765000460043665100190048265100480050183000180054983000570056794200120062499900170063695201440065395201300079724488BD-RjUL20211209001046.0140313s1949 nyu b 001 0 eng d a(BD-RjUL)24555 aDLCcIAYdBD-RjULbeng aeng a941.07bBUH 19491 aButler, James Ramsay Montagu,d1889-97511212aA history of England, 1815-1918 /cby J. R. M. Butler aLondon :bT. Butterworth,c1928 [Reprinted 1949] a252 p. ;c17 cm1 aHome university library of modern knowledge ;vno.135 aIncludes index. aBibliography: p. 243-246 aGreat Britain History 19th century975293 0a x y 975294 0aGreat BritainxHistoryy20th century917470 0vno.135975391 0aHome university library of modern knowledge ;975392 2ddccBK c24488d24488 00102ddc40728NFICaRUCLbRUCLcReadingd1955-01-22eM.B.P. Daccag3.00l0o941.07 BUH 1949r2014-03-13 00:00:00tC-1w2014-03-13yBK 00102ddc40708NFICaRUCLbRUCLcStackd1955-01-22eMBPg3.00l0o941.07 BUH 1949r2023-02-13 00:00:00tC-2w2014-03-31yBK